El futuro del sistema interamericano de protección de los derechos humanos
Guardado en:
| Institution som forfatter: | |
|---|---|
| Format: | Texto |
| Udgivet: |
San José:
IIDH
|
| Tags: |
Tilføj Tag
Ingen Tags, Vær først til at tagge denne postø!
|
MARC
| LEADER | 00000 a a2200000 04500 | ||
|---|---|---|---|
| 001 | 24818 | ||
| 003 | |||
| 040 | |a CRAI/IIS |c CRAI/IIS | ||
| 090 | |a 178500 | ||
| 110 | |a Instituto Interamericano de Derechos Humanos | ||
| 245 | |a El futuro del sistema interamericano de protección de los derechos humanos | ||
| 260 | |a San José: |b IIDH | ||
| 300 | |a 609 p. | ||
| 999 | |c 4956 |d 4956 | ||
